Handboook of Freshwater Fishery Biology (Record no. 15273)

MARC details
000 -LEADER
fixed length control field 00787nam a2200253Ia 4500
003 - CONTROL NUMBER IDENTIFIER
control field OSt
005 - DATE AND TIME OF LATEST TRANSACTION
control field 20260313110848.0
008 - FIXED-LENGTH DATA ELEMENTS--GENERAL INFORMATION
fixed length control field 220909b |||||||| |||| 00| 0 eng d
020 ## - INTERNATIONAL STANDARD BOOK NUMBER
International Standard Book Number 9788126545032
037 ## - SOURCE OF ACQUISITION
Terms of availability Reference
040 ## - CATALOGING SOURCE
Original cataloging agency CSL
Language of cataloging eng
Transcribing agency CSL
041 ## - LANGUAGE CODE
Language code of text/sound track or separate title eng
084 ## - COLON CLASSIFICATION NUMBER
Classification number KZ332g K9;Q4.1 RR
Assigning agency CSL
100 ## - MAIN ENTRY--PERSONAL NAME
Personal name Carlander, Kenneth D.
Relator term author.
9 (RLIN) 1131932
245 #0 - TITLE STATEMENT
Title Handboook of Freshwater Fishery Biology
260 ## - PUBLICATION, DISTRIBUTION, ETC.
Place of publication, distribution, etc. NewDelhi :
Name of publisher, distributor, etc. Wiley ,
Date of publication, distribution, etc. 1969 .
300 ## - PHYSICAL DESCRIPTION
Extent 1v. (vi, 752 p.)
Other physical details : ill.
500 ## - GENERAL NOTE
General note Author index 721-738p.; Subject index 739-752p.
650 ## - SUBJECT ADDED ENTRY--TOPICAL TERM
Topical term or geographic name entry element Fisher biology
9 (RLIN) 1131933
650 ## - SUBJECT ADDED ENTRY--TOPICAL TERM
Topical term or geographic name entry element Freshwater
9 (RLIN) 713214
650 ## - SUBJECT ADDED ENTRY--TOPICAL TERM
Topical term or geographic name entry element Zoology
942 ## - ADDED ENTRY ELEMENTS (KOHA)
Classification part KZ332g K9;Q4.1 RR
Koha item type Reference
Source of classification or shelving scheme Colon Classification (CC)
Holdings
Withdrawn status Lost status Damaged status Not for loan Home library Current library Date acquired Serial Enumeration / chronology Total Checkouts Full call number Barcode Date last seen Price effective from Koha item type
        Central Science Library Central Science Library 2022-09-12 Vol.1   KZ332g K9;Q4.1 RR SL1562566 2022-09-12 2022-09-12 Textbook
Copyright @ Delhi University Library System